Posúdenie nautických podmienok pod VD Kráľová 2D hydrodynamickým modelom
Uložené v:
| Hlavný autor: | |
|---|---|
| Ďalší autori: | |
| Médium: | Rukopis Kniha |
| Jazyk: | Slovak |
| Vydavateľské údaje: |
2015
|
| Predmet: | |
| On-line prístup: | http://is.stuba.sk/zp/portal_zp.pl?podrobnosti=109380 https://opac.crzp.sk/?fn=detailBiblioForm&sid=1C7524EE209F6A36FBFC9247A9DE |
| Tagy: |
Žiadne tagy, Buďte prvý, kto otaguje tento záznam!
|
MARC
| LEADER | 00000ntm a22000003a 4500 | ||
|---|---|---|---|
| 001 | stuzp51558 | ||
| 003 | SK-STU | ||
| 005 | 20231013112642.0 | ||
| 007 | ta | ||
| 008 | 150427s2015----xo-----f-mn---000-0-slo-d | ||
| 040 | |a STU |b slo | ||
| 041 | 0 | |a slo | |
| 100 | 1 | |a Ivaneková, Petra |u 010170 |4 aut |U SvF Stavebná fakulta |T SvF Katedra hydrotechniky |X 63582 |U V170 |Y 17 |7 63582 | |
| 242 | 0 | 1 | |a Assesment of nautic conditions on WS Kráľová with 2D hydrodynamic model |y eng |
| 245 | 1 | 0 | |a Posúdenie nautických podmienok pod VD Kráľová 2D hydrodynamickým modelom |
| 260 | |c 2015 | ||
| 650 | 4 | |a Vodná doprava |2 slo | |
| 650 | 4 | |a vodné dielo Kráľová |2 slo | |
| 650 | 4 | |a rieka Váh |2 slo | |
| 650 | 4 | |a 2D hydrodynamický model |2 slo | |
| 650 | 4 | |a Water Transport |2 eng | |
| 650 | 4 | |a Kráľová Water Structure |2 eng | |
| 650 | 4 | |a River Váh |2 eng | |
| 650 | 4 | |a 2D Hydrodynamic Model |2 eng | |
| 700 | 1 | |a Orfánus, Martin |4 ths |X 19921 |7 A000019921 | |
| 856 | 4 | |u http://is.stuba.sk/zp/portal_zp.pl?podrobnosti=109380 | |
| 856 | 4 | |u https://opac.crzp.sk/?fn=detailBiblioForm&sid=1C7524EE209F6A36FBFC9247A9DE | |
| SQL | |a stuzp51558 |b DDP |c SLO |d Posúdenie nautických podmienok pod VD Kráľová 2D hydrodynamickým modelom |e 63582 |f Ivaneková, Petra |g 010170 |h 19921 |i Orfánus, Martin |j 20150617 |k 27 |l 01 |m http://is.stuba.sk/zp/portal_zp.pl?podrobnosti=109380 |n I-VSH |o 5.1.6. vodné stavby, 6.4.1. vodné hospodárstvo | ||